Datum a čas kvízu
31
Celkem bodů
Celkový počet nahraných bodů na tomto kvízu bez doplňovacích otázek.
10.
Pořadí na kvízu
Konečné umístění týmu na tomto kvízu.
Zaznamenané odpovědi
| # | Otázka | Odpověď | Body | Výsledky |
|---|---|---|---|---|
| 1. | Katedrála svatého Víta se po č... | Petr Pavel | 1 | |
| 2. | Koncem týdne jsme se dozvěděli... | Skype | 1 | |
| 3. | V depozitáři muzea ve slovensk... | Donatello | 0 | |
| 4. | V úterý sjel z výrobní linky p... | 815 | 0 | |
| 5. | Jeden známý fotbalista dostal... | Lionel Messi | 0 | |
| 6. | Které souostroví se v češtině... | Kapverdy | 1 | |
| 7. | V jistém městě v Královéhradec... | Červený Kostelec | 1 | |
| 8. | Která známá historická osobnos... | Adolf Hitler | 1 | |
| 9. | Jak se jmenuje prales na hrani... | Bělověžský prales | 1 | |
| 10. | Jak se nazývá německé pohoří,... | Černý les (Schwarzwald) | 1 |